000 00592nam a2200217Ia 4500
005 20241129111110.0
008 241129s9999||||xx |||||||||||||| ||und||
020 _a978-1-5297-1412-8
037 _aTB
040 _aCRL
_beng
_cCRL
041 _aeng
_2eng
084 _aS:86 R2
_qCRL
100 _aCartwright Claire Au.
_9723296
245 0 _aIntroduction to countertransference
_cCartwright Claire Au.
260 _aLos Angeles, USA
_bSagge
_c2022
300 _aix,347p.
365 _aUKP
_b25.99
650 _aPsychology
942 _cTB
_hS:86 R2
999 _c1228916
_d1228916